Pays visités par Nayib Bukele - Statistiques

Statistiques générales
  • Ce quiz a été pris 15 fois
  • Le résultat moyen est 3 sur 8
Statistiques - réponses
Nombre de visites Pays % Correct
8 Etats-Unis
100%
1 Argentine
64%
1 Guatemala
57%
1 Chine
43%
2 Costa Rica
43%
1 Japon
14%
1 Qatar
14%
1 Turquie
7%
Aucun quiz correspondant
Distribution des résultats
% des personnes avec chaque résultat
Percentile par nombre de réponses
Votre historique - résultats
Vous n’avez pas pris ce quiz